000 01718cam a2200409 a 4500
001 14429816
003 OSt
005 20210426105357.0
008 060627s2007 nyuab b 001 0 eng
010 _a 2006049523
020 _a0805080295
020 _a9780805080292
035 _a(OCoLC)ocm70230776
040 _aDLC
_cDLC
_dBAKER
_dBTCTA
_dC#P
_dDLC
043 _aa-iq---
050 0 0 _aPJ3771.G6
_bD36 2007
080 _a008
_bD-17
082 0 0 _a809/.93353
_222
100 1 _aDamrosch, David.
245 1 4 _aThe buried book :
_bthe loss and rediscovery of the great Epic of Gilgamesh /
_cDavid Damrosch.
250 _a1st ed.
260 _aNew York :
_bH. Holt,
_c2007.
300 _axi, 315 p. :
_bill., map ;
_c25 cm.
365 _b26.00 usd
504 _aIncludes bibliographical references (p. 273-293) and index.
505 0 _aThe broken tablets -- Early fame and sudden death -- The lost library -- The fortress and the museum -- After Ashurbanipal, the deluge -- At the limits of culture -- The vanishing point.
630 0 0 _aGilgamesh.
650 0 _aAssyriology
_xHistory.
650 0 _aHistory of civilizations
_9410
653 _aცივილიზაციების ისტორია
856 4 2 _3Contributor biographical information
_uhttp://www.loc.gov/catdir/enhancements/fy0665/2006049523-b.html
856 4 2 _3Publisher description
_uhttp://www.loc.gov/catdir/enhancements/fy0665/2006049523-d.html
856 4 1 _3Sample text
_uhttp://www.loc.gov/catdir/enhancements/fy1001/2006049523-s.html
906 _a7
_bcbc
_corignew
_d1
_eocip
_f20
_gy-gencatlg
942 _2udc
_cBK
_e1
999 _c941
_d941